000 00462nam a22001697a 4500
005 20251108170841.0
008 250721s1998 xx 000 0 ara d
082 1 4 _a301,43/عاي
100 1 _aالرواجبة، عايدة
245 1 0 _aسر الحياة الزوجية السعيدة /
264 1 _aعمان :
_bدار ميرزا،
_c1998.
300 _a112ص
650 1 7 _aالزواج
650 1 7 _aالأسرة
942 _2ddc
_cBK
999 _c50508
_d50508